00876nam a2200181 a 450000100100000000500170001000800410002704000250006808200210009310000220011424501780013624600790031426000450039330000360043850001590047470000290063370000320066200003872120201002031340.0130419s2015 dr ac 000 0 spa d aDO-SdBNPbspacBNPHU axxxbC957j, 20151 aCruz, Héctor J.10aJuegos centroamericanos y del caribe :bactuación de República Dominicana período 1946-2014 /cHéctor J. Cruz ; colaboración Alex Rodríguez, Freddy Ortiz Pujols.10aRepública Dominicana en Juegos Centroamericanos y del Caribe (1946-2014) aSanto Domingo :bAmigo del Hogar,c2015. a222 p. :bil., retrs. ;c23 cm. aEsta edición ha sido posible con el auspicio del Ministerio de Deporte y el Instituto Nacional de Educación Física (INEFI) de República Dominicana1 aRodríguez, Alex,ecol.1 aOrtiz Pujols, Freddy,ecol.